01199nam a2200277 a 450000100060000000300080000600500170001400800410003102000180007203500190009004000320010904100080014108200300014910000320017924501270021130000260033850000870036450000330045150400570048465000700054165000720061171000640068394200120074799900170075995201450077660079BD-RjUL20211209080813.0161228s2009 bg bs 000 0 eng  a9847015300111 a(BD-RjUL)60203 aDLCbengcDLCdBD-RjULerda aeng 223a338.1095492bALI 20091 aAlam, Md. Jahangir.917880710aImpact of diversified agriculture on the socio-economic upliftment of the rural people of Bangladesh /cMd. Jahangir Alam. axxxii, 340 p ;c22 cm aOriginally presented as the author's thesis (doctoral)--University of Dhaka, 2006. aIncludes statistical tables. aIncludes bibliographical references (pages 271-281). 0aAgricultural diversificationxSocial aspectszBangladesh.9178808 0aAgricultural diversificationxEconomic aspectszBangladesh.91788092 aBāṃlādeśa Pallī Unnaẏana Ekāḍemī.9171305 2ddccBK c60079d60079 00102ddc40718NFICaRUCLbRUCLcReadingd2009-04-18eRajshahi.g300.00l0o338.1095492 ALI 2009r2016-12-28 00:00:00tC-1w2016-12-28yBK